Anatole France en zapatillas

Gespeichert in:
Bibliographische Detailangaben
1. Verfasser: Brousson, J.J. Autor
Weitere Verfasser: Nelken, M. Traductor
Format: keine Angabe
Sprache:Spanisch
Erschienen: Madrid Sucesores de Rivadeneyra 1925
Katalog:MANES:  Suchergebnis im Bibliothekskatalog
Schulbuchspezifische Eigenschaften:
Tags: Tag hinzufügen
Keine Tags, Fügen Sie den ersten Tag hinzu!
Hinzugefügt zu:26.04.2016
Geändert in:20.11.2024

MARC

LEADER 000000000a22000000004500
001 19231
003 OSt
005 20241121020151.0
008 160427s sp ||||| |||| 00| 0 spa d
041 1 |a spa 
040 |c centro_manes 
691 0 |a SE 
100 1 |a Brousson, J.J.  |b Autor  |9 13572 
700 1 |a Nelken, M.  |b Traductor  |9 13573 
245 0 0 |a Anatole France en zapatillas 
260 3 |a Madrid  |b Sucesores de Rivadeneyra  |c 1925 
300 |a 331p  |c 19 * 13 cm 
500 |a ILUSTRACIONES: No contiene. ENCUADERNACIÓN: Rústica. DESCRIPCIÓN CONTENIDO: Lectura. PALABRAS CLAVE: Lectura. NéMERO EJEMPLARES: 1. Nº TOPOGRÁFICO: 3739. CONSERVACIÓN: Regular.  |a nivel: Libro para el Bachillerato. 
690 0 |a LEN 
942 |2 ddc  |c BK 
546 |a España 
999 |c 25199  |d 25199 
999 |c manes:25199  |d 25199